Oxford handbook of cardiology / (رقم التسجيلة. 31710)
[ عرض عادي ]
| 000 -الفاتح | |
|---|---|
| حقل البيانات ثابتة الطول | 01763cam a22003614a 4500 |
| 001 - رقم الضبط | |
| رقم الضبط | 17431816 |
| 003 - محدد رقم الضبط | |
| رقم الضبط | OSt |
| 005 - وقت وتاريخ اخر تعامل مع التسجيلة | |
| رقم الضبط | 20150408114147.0 |
| 008 - عناصر البيانات ثابتة الطول - معلومات عامة | |
| حقل البيانات ثابتة الطول | 120815s2012 enka bf 001 0 eng |
| 010 ## - رقم ضبط مكتبة الكونجرس | |
| رقم ضبط مكتبة الكونجرس | 2012470040 |
| 020 ## - الرقم الدولى المعيارى للكتب | |
| الرقم الدولى المعيارى للكتاب | 9780199643219 |
| 040 ## - مصدر الفهرسة | |
| وكالة الفهرسة الأصلية | DLC |
| وكالة النسخ | DLC |
| وكالة التعديل | DLC |
| 042 ## - رمز التحقق | |
| رمز التحقق | pcc |
| 050 00 - رقم طلب مكتبة الكونجرس | |
| رقم التصنيف | RC681 |
| رقم المادة | .R36 2012 |
| 082 00 - رقم تصنيف ديوى العشرى | |
| رقم التصنيف | 616.12 |
| رقم الطبعة | 23 |
| رقم المادة | OXH |
| 245 00 - بيان العنوان | |
| العنوان | Oxford handbook of cardiology / |
| بيان المسئوليه,etc | edited by Punit Ramrakha and Jonathan Hill. |
| 246 30 - العنوان الموازى | |
| عنوان صحيح/عنوان مختصر | Handbook of cardiology |
| 250 ## - بيان الطبعة | |
| بيان الطبعة | 2nd ed. |
| 260 ## - PUBLICATION, DISTRIBUTION, ETC. (IMPRINT) | |
| مكان الناشر او الموزع | Oxford ; |
| -- | New York : |
| اسم الناشر او الموزع | Oxford University Press, |
| تاريخ النشر أو التوزيع | 2012. |
| 300 ## - الوصف المادى | |
| التعداد | xxiv, 851 p. : |
| تفاصيل ماديه اخرى للوعاء | ill. ; |
| أبعاد الوعاء | 19 cm. |
| 490 0# - بيان السلسلة | |
| عنوان السلسلة | Oxford handbooks |
| 500 ## - تبصرة عامة | |
| تبصرة عامة | Rev. ed. of: Oxford handbook of cardiology / Punit Ramrakha and Jonathan Hill. 2006. |
| 504 ## - تبصرة ببليوجرافية | |
| تبصرة ببليوجرافية,الخ | Includes bibliographical references and index. |
| 505 0# - تبصرة محتويات-الفهرس | |
| تبصرة المحتويات المصاغة | Cardiac investigations -- Drugs for the heart -- Valvular heart disease -- Infective endocarditis -- Coronary artery disease -- Cardiac catheterization and intervention -- Heart failure -- Heart muscle diseases -- Pericardial diseases -- Arrhythmias -- Invasive electrophysiology -- Congenital heart disease -- Multisystem disorders -- Cardiovascular disease in less-developed countries -- Heart disease in pregnancy -- Eponymous syndromes -- Cardiovascular emergencies -- Practical procedures. |
| 650 #0 - المدخل الاضافى بالموضوع-مصطلح موضوعى | |
| مصطلح موضوعي أو اسم جغرافي كعنصر مدخل | Heart |
| التقسيم الفرعي العام | Diseases |
| التقسيم الفرعي الشكلي | Handbooks, manuals, etc. |
| 9 (RLIN) | 10887 |
| 650 #0 - المدخل الاضافى بالموضوع-مصطلح موضوعى | |
| مصطلح موضوعي أو اسم جغرافي كعنصر مدخل | Cardiology |
| التقسيم الفرعي الشكلي | Handbooks, manuals, etc. |
| 9 (RLIN) | 38949 |
| 700 1# - المدخل الاضافى - اسم شخصى | |
| الإسم الشخصى | Ramrakha, Punit S. |
| 9 (RLIN) | 17657 |
| 700 1# - المدخل الاضافى - اسم شخصى | |
| الإسم الشخصى | Hill, Jonathan. |
| 9 (RLIN) | 38950 |
| 700 1# - المدخل الاضافى - اسم شخصى | |
| الإسم الشخصى | Ramrakha, Punit S. |
| عنوان العمل | Oxford handbook of cardiology. |
| 9 (RLIN) | 38951 |
| 906 ## - عنصر بيانات محلى F, LDF (RLIN) | |
| a | 7 |
| b | cbc |
| c | origcop |
| d | 2 |
| e | ncip |
| f | 20 |
| g | y-gencatlg |
| 942 ## - عناصر المدخل الإضافي( كوها) | |
| مصدر التصنيف او مخطط الترفيف | Dewey Decimal Classification |
| Koha [default] item type | كتاب |
| حالة الفقد | نموذج السعر الفعال | حالة تلف | ليس للاعارة | رقم الطلب | تاريخ الاكتساب | الموقع الحالي | الباركود | الفرع الرئيسي | Date last seen | نوع المادة فى نظام كوها | مصدر التصنيف او خطة الترفيف | Total Checkouts | Date last checked out |
|---|---|---|---|---|---|---|---|---|---|---|---|---|---|
| 2013-11-02 | 616.12 OXH | 2013-11-02 | المكتبة المركزية بالمجمعة (CL) | 00403713 | المكتبة المركزية بالمجمعة (CL) | 2013-11-02 | كتاب | Dewey Decimal Classification | |||||
| 2013-11-02 | 616.12 OXH | 2013-11-02 | المكتبة المركزية بالمجمعة (CL) | 00403714 | المكتبة المركزية بالمجمعة (CL) | 2013-11-02 | كتاب | Dewey Decimal Classification | |||||
| 2013-11-02 | 616.12 OXH | 2013-11-02 | المكتبة المركزية بالمجمعة (CL) | 00403715 | المكتبة المركزية بالمجمعة (CL) | 2016-09-21 | كتاب | Dewey Decimal Classification | 1 | 2016-09-20 | |||
| 2013-11-02 | 616.12 OXH | 2013-11-02 | مكتبة مجمع الكليات بالزلفى - طلاب (SZM) | 00403716 | مكتبة مجمع الكليات بالزلفى - طلاب (SZM) | 2013-11-02 | كتاب | Dewey Decimal Classification | |||||
| 2013-11-02 | 616.12 OXH | 2013-11-02 | مكتبة مجمع الكليات بالزلفى - طلاب (SZM) | 00403717 | مكتبة مجمع الكليات بالزلفى - طلاب (SZM) | 2013-11-02 | كتاب | Dewey Decimal Classification |
